000
00243nam a2200097Ia 4500
001
683938
005
20250826161448.0
008
250824s9999 xx 000 0 und d
245
0
_a
ALBATROSUN ÇOCUKLARI
_c
ANAİS NİN
260
_b
EVEREST YAYINLARI
999
_c
683938
_d
683938